Financial risk management for islamic banking and finance (Record no. 572925)
[ view plain ]
| 000 -LEADER | |
|---|---|
| fixed length control field | 00600nam a22001817a 4500 |
| 003 - CONTROL NUMBER IDENTIFIER | |
| control field | CEME |
| 005 - DATE AND TIME OF LATEST TRANSACTION | |
| control field | 20210628203255.0 |
| 008 - FIXED-LENGTH DATA ELEMENTS--GENERAL INFORMATION | |
| fixed length control field | 210125b xxu||||| |||| 00| 0 eng d |
| 020 ## - INTERNATIONAL STANDARD BOOK NUMBER | |
| International Standard Book Number | 9780230-553811 |
| 040 ## - CATALOGING SOURCE | |
| Transcribing agency | . |
| 082 ## - DEWEY DECIMAL CLASSIFICATION NUMBER | |
| Classification number | 332.10681 AKK |
| 100 ## - MAIN ENTRY--PERSONAL NAME | |
| Personal name | Akkizidis, Ioannis, Khandelwal, Sunil Kumar |
| 9 (RLIN) | 64439 |
| 245 ## - TITLE STATEMENT | |
| Title | Financial risk management for islamic banking and finance |
| 260 ## - PUBLICATION, DISTRIBUTION, ETC. | |
| Place of publication, distribution, etc. | GREAT BRATIN |
| Name of publisher, distributor, etc. | PALGRAVE |
| Date of publication, distribution, etc. | 2008 |
| 300 ## - PHYSICAL DESCRIPTION | |
| Extent | XXIX,219P |
| 650 ## - SUBJECT ADDED ENTRY--TOPICAL TERM | |
| Topical term or geographic name entry element | RISK MANAGEMENT FOR ISLAMIC BANKING AND FINANCE.FINANCIAL RISK MANAGEMENT FOR ISLAMIC BANKING AND FINANCE |
| 9 (RLIN) | 64440 |
| 942 ## - ADDED ENTRY ELEMENTS (KOHA) | |
| Koha item type | Book |
| Source of classification or shelving scheme | |
| Withdrawn status | Lost status | Damaged status | Not for loan | Permanent Location | Current Location | Shelving location | Date acquired | Total Checkouts | Full call number | Barcode | Date last seen | Price effective from | Koha item type |
|---|---|---|---|---|---|---|---|---|---|---|---|---|---|
| College of Electrical & Mechanical Engineering (CEME) | College of Electrical & Mechanical Engineering (CEME) | General Stacks | 07/26/2017 | 332.10681 AKK | CEME-45381 | 06/28/2021 | 06/28/2021 | Book |
